<?xml version="1.0" encoding="UTF-8"?>
<record
    xmlns:xsi="http://www.w3.org/2001/XMLSchema-instance"
    xsi:schemaLocation="http://www.loc.gov/MARC21/slim http://www.loc.gov/standards/marcxml/schema/MARC21slim.xsd"
    xmlns="http://www.loc.gov/MARC21/slim">

  <leader>00547cam a2200193   4500</leader>
  <controlfield tag="001">sa 65002253 </controlfield>
  <controlfield tag="003">DLC</controlfield>
  <controlfield tag="005">20260227112115.0</controlfield>
  <controlfield tag="008">950620s1963    br            000 0 buro </controlfield>
  <datafield tag="010" ind1=" " ind2=" ">
    <subfield code="a">sa 65002253 </subfield>
  </datafield>
  <datafield tag="040" ind1=" " ind2=" ">
    <subfield code="a">DLC</subfield>
    <subfield code="c">DLC</subfield>
    <subfield code="d">DLC</subfield>
  </datafield>
  <datafield tag="050" ind1="0" ind2="0">
    <subfield code="a">PL3988.P4</subfield>
    <subfield code="b">A9</subfield>
  </datafield>
  <datafield tag="100" ind1="0" ind2=" ">
    <subfield code="a">Pe Thein,</subfield>
    <subfield code="c">U,</subfield>
    <subfield code="d">1889-</subfield>
  </datafield>
  <datafield tag="245" ind1="1" ind2="0">
    <subfield code="a">&#x1EA0; tw&#x113;i &#x1EA1; hkaw h&#x12B;n l&#x113;i &#x14D; ky&#x12B;.</subfield>
    <subfield code="c">[y&#x113;i thu] Shwei &#x1EE4; D&#x101;ung.</subfield>
  </datafield>
  <datafield tag="260" ind1=" " ind2=" ">
    <subfield code="a">Yan kon,</subfield>
    <subfield code="b">Nei Pyi Taw Sa pei Taik</subfield>
    <subfield code="c">[1963]</subfield>
  </datafield>
  <datafield tag="300" ind1=" " ind2=" ">
    <subfield code="a">158 p.</subfield>
    <subfield code="c">21 cm.</subfield>
  </datafield>
  <datafield tag="490" ind1="0" ind2=" ">
    <subfield code="a">&#x1EA0; ht&#x16B; htok &#x1EA1; hmat</subfield>
    <subfield code="v">1</subfield>
  </datafield>
  <datafield tag="500" ind1=" " ind2=" ">
    <subfield code="a">In Burmese.</subfield>
  </datafield>
  <datafield tag="999" ind1=" " ind2=" ">
    <subfield code="c">62549</subfield>
    <subfield code="d">62549</subfield>
  </datafield>
</record>
